00393nam a22001337a 4500003000400000008004100004082001800045100002400063245008500087260003200172300000900204502001500213650003100228OSt260427b |||||||| |||| 00| 0 eng d a634.421bD81S aDubey, Prem Shankar aStudies on Yield and Quality Attributes of Guava Hybrids (Psidium Guajava Linn.) aPusa, SamastipurbRAUc1998 a97P. bMsc.d1998 aFruit and Fruit Technology